|
|
|
|
| LEADER |
00000nam0a2200000 4500 |
| 001 |
285444 |
| 005 |
20231101235808.0 |
| 020 |
|
|
|a RU
|b 85-17011
|
| 035 |
|
|
|a (RuTPU)RU\TPU\book\309684
|
| 090 |
|
|
|a 285444
|
| 100 |
|
|
|a 20150225d1984 k y0rusy5003 ca
|
| 101 |
0 |
|
|a rus
|
| 102 |
|
|
|a UA
|
| 105 |
|
|
|a y z 001zy
|
| 200 |
1 |
|
|a Теория приближения функций и ее приложения
|e сборник научных трудов
|f Академия наук Украинской ССР (АН УССР), Институт математики ; под ред. В. К. Дзядыка
|
| 210 |
|
|
|a Киев
|c Изд-во ИМ
|d 1984
|
| 215 |
|
|
|a 143 с.
|
| 320 |
|
|
|a Библиография в конце статей
|
| 606 |
|
|
|a Приближений теория
|2 stltpush
|3 (RuTPU)RU\TPU\subj\51522
|9 70095
|
| 610 |
1 |
|
|a функции
|
| 610 |
1 |
|
|a полиномы
|
| 610 |
1 |
|
|a приближение
|
| 610 |
1 |
|
|a уравнения Гаммерштейна
|
| 610 |
1 |
|
|a краевые задачи
|
| 610 |
1 |
|
|a решение
|
| 610 |
1 |
|
|a коэффициенты Фурье
|
| 610 |
1 |
|
|a аппроксимация Паде
|
| 610 |
1 |
|
|a система Хаара
|
| 610 |
1 |
|
|a интегральные уравнения
|
| 610 |
1 |
|
|a теорема сравнения
|
| 610 |
1 |
|
|a задача Гурса
|
| 610 |
1 |
|
|a сходимость
|
| 675 |
|
|
|a 517.518.8
|v 3
|
| 702 |
|
1 |
|a Дзядык
|b В. К.
|g Владислав Кириллович
|4 340
|
| 712 |
0 |
2 |
|a Академия наук Украинской ССР (АН УССР)
|b Институт математики
|2 stltpush
|3 (RuTPU)RU\TPU\col\11281
|
| 801 |
|
0 |
|a RU
|b RuMRKP
|c 19950704
|g psbo
|
| 801 |
|
1 |
|a RU
|b 63413507
|c 20150225
|
| 801 |
|
2 |
|a RU
|b 63413507
|c 20171212
|g RCR
|
| 942 |
|
|
|c BK
|